000 00497cam a2200193ua 4500
001 11174
008 190902n ii |||gr||||Z||||||eng
020 _a9788121924986
040 _cMAIN
041 _aeng
082 _a030
100 _aRS Aggarwal,
_eAuthor.
245 _aQuantitative aptitude
_cBy RS Aggarwal
260 _aNew Delhi:
_bS chand,
_c2016.
300 _a726p.
653 _aGeneral encyclopedic works
653 _aSolved questions for competitive examinations
942 _cBK
999 _c10037
_d10037